00441nam a2200157Ia 4500008004100000100002400041245007300065260001100138300002100149440003400170521000900204650001700213650001000230650002100240650002200261140626s9999 xx 000 0 und d aMcShane, Blakeley.. aVisual influence and social groups /cBlakeley McShane ... [et al.]. cc2012. a49 : 6, page 854 aJournal of Marketing Research aBSBA aAutomobiles. aCars. aSocial identity. aVisual influence.